000 00736nam a22001937a 4500
999 _c182305
_d182305
005 20211108162639.0
010 _aUR-11311
020 _c200.00
_a9789390789290
035 _aU-9866
037 _bDBAD/PUB
082 _a841.8
100 _aعشر ت جہا ں بيگم
245 _aمنا ظر عا شق ہر گا نو ی کی نظمو ں ميں لمس کی با ز يا فت
_cعشر ت جہا ں بيگم
246 _aManazir Ashiq Harganvi Ki Nazmon mein Lams Ki Bazyaft (Urdu)
_bby Ishrat Jahan Begam
260 _aN.Delhi
_c2021 ء
_bEducational Publishing House
270 _aD1/16,Ansari Road,Darya Ganj,
_bNew Delhi
_e110002
_l -
300 _a148 ص
_c22 Cm(Hb)
942 _2ddc
_cUR
_h841.8
_mع ش ر